Ч. 2 : Состав, монтаж и проектирование очистных установок и вентиляции; Оборудование и основы проектирования систем охраны окружающей среды

Bibliografiske detaljer
Parent link:Оборудование и основы проектирования систем охраны окружающей среды: учебное пособие/ В. Т. Новиков; ТПУ, ИДО. Ч. 2 : Состав, монтаж и проектирование очистных установок и вентиляции.— , 2006-2008
Sprog:russisk
Udgivet: Томск, Изд-во ТПУ, 2008
Fag:
Format: MixedMaterials Bog
KOHA link:https://koha.lib.tpu.ru/cgi-bin/koha/opac-detail.pl?biblionumber=184420

MARC

LEADER 00000nam2a2200000 4500
001 184420
005 20231101223837.0
035 |a (RuTPU)RU\TPU\book\200002 
090 |a 184420 
100 |a 20100908d2008 m y0rusy50 ca 
101 0 |a rus 
102 |a RU 
105 |a a j 001zy 
200 0 |a Ч. 2 : Состав, монтаж и проектирование очистных установок и вентиляции 
210 |a Томск  |c Изд-во ТПУ  |d 2008 
215 |a 300 с.  |c ил. 
320 |a Библиогр.: с. 295-299. 
461 1 |0 (RuTPU)RU\TPU\book\132200  |t Оборудование и основы проектирования систем охраны окружающей среды  |o учебное пособие  |f В. Т. Новиков  |g ТПУ, ИДО  |v Ч. 2 : Состав, монтаж и проектирование очистных установок и вентиляции  |d 2006-2008 
488 1 |0 (RuTPU)RU\TPU\book\212184  |t Ч. 2: Состав, монтаж и проектирование очистных установок и вентиляции  |d 2010 
606 1 |a Окружающая среда  |x Инженерная защита  |2 stltpush  |3 (RuTPU)RU\TPU\subj\38914  |9 59159 
606 1 |a Газоочистные установки  |x Проектирование  |2 stltpush  |3 (RuTPU)RU\TPU\subj\5003  |9 33178 
610 1 |a газоперемещающие аппараты 
610 1 |a эжекторы 
610 1 |a вентиляторы 
610 1 |a вентиляционные системы 
610 1 |a состав 
610 1 |a пылегазоочистные установки 
610 1 |a газоходы 
610 1 |a монтажно-сборочные работы 
610 1 |a производство 
610 1 |a узлы 
610 1 |a конструкции 
610 1 |a вентиляция 
610 1 |a учебные пособия 
610 1 |a труды учёных ТПУ 
610 1 |a дистанционное образование 
675 |a 502.36(075.8)  |v 3 
675 |a 628.52/53(075.8)  |v 3 
801 1 |a RU  |b 63413507  |c 20100908 
801 2 |a RU  |b 63413507  |c 20201127  |g RCR 
942 |c BK